000 00912nmm a2200277 a 4500
001 ocm0001162422
003 TR-IsHL
005 20201028154206.0
008 150709s2015 tu tur
007 cr cn
035 _a1162422
_b(N$T)
050 0 4 _aHG3256.5.A6
_bA57 2015
090 0 4 _aHG3256.5.A6
_bA57 2015
100 1 _aAlpaslan, Halil İbrahim
245 1 0 _aBankalarda iç kontrol sistemi
_h[electronic resource] /
_cHalil İbrahim Alpaslan
260 _aİstanbul :
_bYalın Yayıncılık,
_c2015
300 _a156 p.
650 4 _aEkonomi ve Finans
650 4 _aEconomics and Finance
650 0 _aBankacılık denetimi
650 0 _aBank examination
650 0 _aBanka inceleme
650 0 _aBanking supervision
650 7 _aBUSINESS & ECONOMICS / Banks & Banking
_2bisacsh
856 4 0 _uhttp://search.ebscohost.com/login.aspx?direct=true&scope=site&db=e011xww&AN=1162422
999 _c12445
_d12445